| 000 | 00443 a2200157 4500 | ||
|---|---|---|---|
| 020 | _a0070528985 | ||
| 040 |
_aDLC _bDLC |
||
| 100 | _aSchilling, Donald L. | ||
| 245 | 1 | 0 |
_aElectronic circuits, discrete and integrated _cDonald L. Schilling ... [et al.] |
| 250 | _a3rd ed. | ||
| 260 |
_aNew York : _bMcGraw-Hill, _c1989. |
||
| 300 | _a936 p. | ||
| 650 | 0 | _aElectronic circuits. | |
| 700 | 1 | 1 | _aSchilling, Donald L. |
| 942 |
_cBK _k621.3817 SCH _2ddc |
||
| 999 |
_c4690 _d4690 |
||